Japanese Homes: Minimalism, Balance, Elegance / (Record no. 8655)

MARC details
000 -LEADER
fixed length control field 00964nam a22002778i 4500
001 - CONTROL NUMBER
control field l6823gw1jsrf8x9n
003 - CONTROL NUMBER IDENTIFIER
control field LIBRIS
005 - DATE AND TIME OF LATEST TRANSACTION
control field 20260329150051.0
008 - FIXED-LENGTH DATA ELEMENTS--GENERAL INFORMATION
fixed length control field 251218s2026 xx |||||||||||000 0|eng|d
020 ## - INTERNATIONAL STANDARD BOOK NUMBER
International Standard Book Number 9783037683088
Qualifying information inbunden
035 ## - SYSTEM CONTROL NUMBER
System control number (BOKR)9783037683088
040 ## - CATALOGING SOURCE
Original cataloging agency BOKR
Description conventions i
Transcribing agency n
041 ## - LANGUAGE CODE
Language code of text/sound track or separate title eng
082 ## - DEWEY DECIMAL CLASSIFICATION NUMBER
Classification number 728.09724 V27 2025
100 1# - MAIN ENTRY--PERSONAL NAME
Personal name Van Uffelen, Chris
Relationship aut
245 10 - TITLE STATEMENT
Title Japanese Homes: Minimalism, Balance, Elegance /
Statement of responsibility, etc. Chris van Uffelen.
263 ## - PROJECTED PUBLICATION DATE
Projected publication date 202601
264 #1 - PRODUCTION, PUBLICATION, DISTRIBUTION, MANUFACTURE, AND COPYRIGHT NOTICE
Name of producer, publisher, distributor, manufacturer Thames & Hudson Ltd.
Date of production, publication, distribution, manufacture, or copyright notice 2026
300 ## - PHYSICAL DESCRIPTION
Extent 192 pages, 28 cm.
Dimensions 28 cm
336 ## - CONTENT TYPE
Content type term text
Content type code txt
Source rdacontent
337 ## - MEDIA TYPE
Media type term unmediated
Media type code n
Source rdamedia
338 ## - CARRIER TYPE
Carrier type term volume
Carrier type code nc
Source rdacarrier
650 ## - SUBJECT ADDED ENTRY--TOPICAL TERM
Topical term or geographic name entry element Contemporary Japanese residential architecture – Minimalist homes – Design principles – Interiors and exterior spatial balance
887 ## - NON-MARC INFORMATION FIELD
Content of non-MARC field {"@id":"l6823gw1jsrf8x9n","modified":"2025-12-18T08:02:16.387+01:00"}
Source of data librisxl
942 ## - ADDED ENTRY ELEMENTS (KOHA)
Source of classification or shelving scheme Dewey Decimal Classification
Koha item type English Book
Suppress in OPAC No
Holdings
Withdrawn status Lost status Source of classification or shelving scheme Damaged status Not for loan Home library Current library Date acquired Total Checkouts Full call number Barcode Date last seen Price effective from Koha item type
    Dewey Decimal Classification     CENTRAL TUWAIQ 03/29/2026   728.09724 V27 2025 1000000029020 03/29/2026 03/29/2026 English Book